Computer Graphics : Principles and Practice

Saved in:
Bibliographic Details
Main Authors: Foley, James D (Author), van Dam, Andries (Author), Feiner, Steven K. (Author), Hughes, John F. (Author)
Format: Book
Language:English
Published: Boston : Addison-Wesley Publishing Company, 1997
Edition:2. vyd.
Tags: Add Tag
No Tags, Be the first to tag this record!

MARC

LEADER 00000nam a22000003a 4500
001 stu266858
005 20150617230220.6
008 130520s--------xxu-----------------eng-d
020 |a 978-0-201-84840-3 
040 |a STU  |b slo 
041 0 |a eng 
044 |a xxu 
100 1 |a Foley, James D  |4 aut 
245 1 |a Computer Graphics :  |b Principles and Practice 
250 |a 2. vyd. 
260 |a Boston :  |b Addison-Wesley Publishing Company,  |c 1997 
300 |a 1173 s 
700 1 |a van Dam, Andries  |4 aut 
700 1 |a Feiner, Steven K.  |4 aut 
700 1 |a Hughes, John F.  |4 aut 
996 |b 284IK06693  |c I*12G7607  |l I  |s A  |a 24  |w stu266858_0001